000 00441nam a22001697a 4500
999 _c1515
_d1514
005 20211106102038.0
008 160524b xxu||||| |||| 00| 0 eng d
020 _a81-203-2511-7
041 _aeng
082 _b4513
_a658.4012
100 _aHunger, J. David & Wheelen, Thomas L.
_94848
245 _aEssentials of Strategic Mgt
260 _aNew Delhi
_bAcademic Faundation
300 _a186p,
650 _aManagement
_9241
942 _cBK